| 000 | 01148cam a22003251 4500 | ||
|---|---|---|---|
| 001 | 22619 | ||
| 003 | BD-RjUL | ||
| 005 | 20211209000829.0 | ||
| 008 | 140309s1964 ii b 000 0 eng | ||
| 035 | _a(BD-RjUL)22684 | ||
| 040 |
_aDLC _cDLC _dDLC _dBD-RjUL _beng |
||
| 041 | _aeng | ||
| 082 | 0 | 0 |
_a818.308 _bTHW 1964 |
| 100 | 1 |
_aThoreau, Henry David, _d1817-1862. _969821 |
|
| 245 | 1 | 0 |
_aWalden / _c Henry David Thoreau. |
| 260 |
_aNew Delhi : _bS. Chand & co., _c1964. |
||
| 300 |
_a297 p. ; _c20 cm. |
||
| 600 | 1 | 0 |
_aThoreau, Henry David, _d1817-1862 _xHomes and haunts _zMassachusetts _zWalden Woods. _969826 |
| 600 | 1 | 0 |
_aThoreau, Henry David, _d1817-1862. _969827 |
| 600 | 1 | 0 |
_aThoreau, Henry David, _d1817-1862. _969828 |
| 650 | 0 |
_aWilderness areas _zMassachusetts _zWalden Woods. _969401 |
|
| 650 | 0 |
_aNatural history _zMassachusetts _zWalden Woods. _969402 |
|
| 650 | 0 |
_aAuthors, American _y19th century _xBiography. _951773 |
|
| 650 | 0 |
_aCivil disobedience. _969825 |
|
| 650 | 0 |
_aSolitude. _969403 |
|
| 651 | 0 |
_aWalden Woods (Mass.) _xSocial life and customs. _969404 |
|
| 942 |
_2ddc _cBK |
||
| 999 |
_c22619 _d22619 |
||